Estudio del crecimiento del sector público costarricense: algunas proyecciones al futuro

Tendencias que ha seguido la administración pública costarricense desde 1955, señalando algunas proyecciones para el año 2000. Estudia el crecimiento del sector público en cuanto a ministerios e instituciones autónomas, analiza los recursos humanos con que cuenta el sector, señalando la necesidad de...

Descrizione completa

Salvato in:
Dettagli Bibliografici
Ente Autore: Costa Rica. Presidencia de la República. Oficina de Planificación Nacional y Política Económica
Natura: testo
Pubblicazione: San José: OFIPLAN
Soggetti:
Tags: Aggiungi Tag
Nessun Tag, puoi essere il primo ad aggiungerne!!

MARC

LEADER 00000 a a2200000 04500
001 20081
003
040 |a CRAI/IIS  |c CRAI/IIS 
090 |a 082400  
110 |a Costa Rica. Presidencia de la República. Oficina de Planificación Nacional y Política Económica  
245 |a Estudio del crecimiento del sector público costarricense: algunas proyecciones al futuro  
260 |a San José:   |b OFIPLAN  
300 |a 15 p.  
520 |a Tendencias que ha seguido la administración pública costarricense desde 1955, señalando algunas proyecciones para el año 2000. Estudia el crecimiento del sector público en cuanto a ministerios e instituciones autónomas, analiza los recursos humanos con que cuenta el sector, señalando la necesidad de su formación, capacitación y especialización. Plantea que toda planificación nacional debe comprender los aspectos económico, social y administrativos./ACM  
650 |a COSTA RICA  
650 |a SECTOR PUBLICO  
650 |a ADMINISTRACION PUBLICA  
999 |c 17002  |d 17002